Greta van Fleet ~ Safari Song - Statistics

General Stats
  • This quiz has been taken 8 times
  • The average score is 256 of 348
Answer Stats
Answer % Correct
heart
100%
mama
100%
Oh
100%
that
100%
when
100%
When
100%
you
100%
You
100%
your
100%
Your
100%
a
83%
all
83%
come
83%
do
83%
Do
83%
down
83%
gonna
83%
home
83%
I
83%
in
83%
love
83%
lovin'
83%
Lovin'
83%
my
83%
on
83%
said
83%
this
83%
to
83%
way
83%
what
83%
With
83%
with
83%
Won't
83%
won't
83%
crazy
67%
drive
67%
give
67%
Give
67%
lady
67%
me
67%
move
67%
Oo
67%
really
67%
town
67%
walk
67%
want
67%
yeah
67%
Ah
50%
Can't
50%
every
50%
everything
50%
feel
50%
Feel
50%
fire
50%
get
50%
getting
50%
hazy
50%
I'm
50%
is
50%
place
50%
say
50%
some
50%
wanna
50%
About
33%
baby
33%
bleed
33%
bright
33%
Burnin'
33%
don't
33%
Don't
33%
face
33%
given
33%
got
33%
gotta
33%
Gotta
33%
knees
33%
know
33%
make
33%
need
33%
our
33%
right
33%
See
33%
shine
33%
shinin'
33%
smilin'
33%
time
33%
Why
33%
ya
33%
you're
33%
youre
33%
You're
33%
And
17%
are
17%
back
17%
beg
17%
could
17%
gave
17%
grow
17%
its
17%
It's
17%
Lovin's
17%
never
17%
now
17%
out
17%
remember
17%
still
17%
walked
17%
fear
0%
mann
0%
near
0%
No matching quizzes found
Score Distribution
Percent of People with Each Score
Percentile by Number Answered
Your Score History
You have not taken this quiz